Ultimate Divergent Series Character Quiz - Statistics

General Stats
  • This quiz has been taken 604 times
  • The average score is 24 of 48
Answer Stats
Hint Answer % Correct
Main character Tris
100%
Dauntless Transfer Instructor, also works in the control room Tobias
92%
Smells like lemon grass and sage Al
86%
Scared of Moths Christina
85%
Youngest Dauntless leader Eric
85%
Transferred to Erudite, although seemingly the perfect Abnegation son. Caleb
84%
Handy with a butter knife Peter
82%
Tattoo artist who also administers aptitude tests Tori
82%
Gets stabbed in the eye Edward
81%
Leader of Erudite Jeanine Matthews
77%
Abnegation leader, one of four fears Marcus Eaton
76%
Ends up in a coma Uriah
76%
Light blonde hair and celery green eyes, transfer from Erudite Will
73%
From the Fringe, transferred from Dauntless to Abnegation, mother of the main character Natalie Prior
71%
Leader of the Factionless Evelyn
69%
Tells lies to an Erudite reporter Molly Atwood
68%
Member of the Council, sacrifices himself Andrew Prior
67%
Unofficial leader of Amity Johanna Reyes
60%
Leaves Dauntless when her boyfriend is stabbed in the eye Myra
60%
Shorter than his brother, likes ziplining Zeke
60%
Leader of the Bureau of Genetic Welfare David
56%
Main Dauntless Leader Max
55%
Orange red hair that resembles a carrot, transferred from Candor to Dauntless Drew
53%
Get a muffin shot of her head Marlene
52%
Supposedly dies but is found alive living outside Chicago, brother of the tattoo artist George Wu
50%
Initially has a shaved head, dies during the attack on Erudite. Lynn
46%
Ends up in a wheelchair Shauna
40%
Abnegation born and chooses Abnegation, one of the few to escape the massacre and chooses to stay in Amity after Susan Black
40%
Instructor of the Dauntless-born initiates Lauren
39%
Leader of Candor Jack Kang
38%
Previous Dauntless initiation transfer, thought to be dead but discovered to be alive outside Chicago Amar
36%
Appears at the end of Insurgent in a video Edith Prior
35%
Dauntless born, tries to jump off the roof under simulation but is saved Hector
35%
Often mentions the main character's long nose Cara
34%
Abnegation raised transfer to Amity Robert Black
34%
GD member of support staff, resentful towards the genetically pure leaders and organises the rebellion that puts a character into a coma Nita
29%
Scientist who researches serums and moniters the Chicago experiment, formulates the plan that leads to the main characters death Matthew
28%
Sister dies during the leap from the train Rita
21%
Doesn't mind being given nicknames by pretty girls Fernando
17%
The second tattoo artist Bud
16%
Her son is in a coma and then dies Hana
16%
Voted as a Dauntless leader in Allegiant Harrison
15%
First faction transfer in Divergent, almost falls on his way to the bowls James Tucker
10%
Also tries to throw herself off the roof under simulation Kee
9%
A 10 year old Divergent, shot as his brain was not developed enough to be experimented on Bobby
8%
Amity girl that stands next to the main character at the choosing ceremony Danielle Pohler
8%
Told about the student who gets sick in the aptitude test Erin
6%
Appears with the Dauntless initiates after an initiation ritual, has a metal ring through his nose Gabe
6%
No matching quizzes found
Score Distribution
Percent of People with Each Score
Percentile by Number Answered
Your Score History
You have not taken this quiz